| 000 | 00553nab a2200181 a 4500 | ||
|---|---|---|---|
| 005 | 20250311063804.0 | ||
| 008 | 991125s1985 mx 000 0 spa u | ||
| 035 | _aUPN01000152987 | ||
| 222 | _aEDUCACION EN LOS PRIMEROS AÑOS | ||
| 245 | _aLa computadora durante el desarrollo de los proyectos de trabajo: investigaciones atrapantes | ||
| 260 | _aMéxico | ||
| 300 | _a74-94 | ||
| 362 | 0 | _a2001 Año 4, no. 32, ene. | |
| 650 | 4 | _aNUEVAS TECNOLOGIAS | |
| 650 | 4 |
_aInternet _9547 |
|
| 650 | 2 |
_aBúsqueda de información _99499 |
|
| 905 | _aArticulo | ||
| 999 |
_c125110 _d125110 |
||